Language Quiz

Random Language or Letter Quiz

Begins and Ends A-Z Quiz Stats

 Plays Quiz Updated Mar 27, 2018

Score 0/26 Timer 07:00
4 Plays Today
Letter % Correct
HHannah
92%
Aarachnophobia
91.1%
Yyearly
88.1%
OOntario
79.2%
BBilly Bob
77.9%
Nnitrogen
76.9%
WWarsaw
76.8%
Llegal
74.6%
Eenergize
74.3%
MMalcolm
71.6%
IIsraeli
71.2%
Ppaperclip
69.8%
Ttruant
60.2%
Letter % Correct
XXanax
58.9%
Ffoolproof
57%
Ddruid
56%
CChaotic
53.7%
Rrumor
44.7%
SSideways
35.7%
GGehrig
32.7%
Kkickback
28.6%
JJaguar XJ
20.2%
VVáclav
13%
UUhuru
9.1%
ZZardoz
6.7%
QQepiq
1.5%

You're not logged in!

Compare scores with friends on all Sporcle quizzes.
OR
Log In

Sporcle TV

Today on Sporcle TV


Watch our educational content, quiz creation guides, and fun videos on Sporcle TV.

Show Comments

Extras

Top Quizzes Today


Score Distribution

Your Account Isn't Verified!

In order to create a playlist on Sporcle, you need to verify the email address you used during registration. Go to your Sporcle Settings to finish the process.

Report this User

Report this user for behavior that violates our Community Guidelines.

Details: